<?xml version="1.0" encoding="UTF-8"?>
<collection xmlns="http://www.loc.gov/MARC21/slim">
 <record>
  <leader>00766nam a22001935a 4500</leader>
  <controlfield tag="001">EHU.bham042519</controlfield>
  <controlfield tag="008">130507s2011##################000#0#####d</controlfield>
  <controlfield tag="005">20230424105015.0</controlfield>
  <datafield tag="245" ind1="0" ind2="0">
   <subfield code="a">Memoria y dictadura :</subfield>
   <subfield code="b">un espacio para la reflexión desde los derechos humanos /</subfield>
   <subfield code="c">Secretaría De Educación De La Asamblea Permanente Por Los Derechos Humanos.</subfield>
  </datafield>
  <datafield tag="250" ind1=" " ind2=" ">
   <subfield code="a">3a. ed.</subfield>
  </datafield>
  <datafield tag="260" ind1=" " ind2=" ">
   <subfield code="a">Buenos Aires :</subfield>
   <subfield code="b">Instituto Espacio para la Memoria,</subfield>
   <subfield code="c">2011.</subfield>
  </datafield>
  <datafield tag="300" ind1=" " ind2=" ">
   <subfield code="a">143 p.</subfield>
  </datafield>
  <datafield tag="020" ind1=" " ind2=" ">
   <subfield code="a">9789872357894</subfield>
  </datafield>
  <datafield tag="700" ind1="1" ind2=" ">
   <subfield code="a">Asamblea Permanente por los Derechos Humanos</subfield>
  </datafield>
  <datafield tag="082" ind1="3" ind2="2">
   <subfield code="a">323.982</subfield>
  </datafield>
  <datafield tag="653" ind1=" " ind2=" ">
   <subfield code="a">Derechos humanos</subfield>
  </datafield>
  <datafield tag="653" ind1=" " ind2=" ">
   <subfield code="a">Dictadura argentina-1976-1983</subfield>
  </datafield>
  <datafield tag="653" ind1=" " ind2=" ">
   <subfield code="a">Historia argentina-1976-1983</subfield>
  </datafield>
  <datafield tag="859" ind1=" " ind2=" ">
   <subfield code="a">AR-BHAM</subfield>
   <subfield code="b">BIB. HUMANIDADES - Derechos Humanos</subfield>
   <subfield code="h">323.982</subfield>
   <subfield code="i">M519</subfield>
   <subfield code="p">130.14</subfield>
   <subfield code="t">Ej.1</subfield>
   <subfield code="v">DH</subfield>
  </datafield>
 </record>
</collection>
